|
|
|
|
| LEADER |
00000nam0a2200000 4500 |
| 001 |
316234 |
| 005 |
20231102002845.0 |
| 010 |
|
|
|a 9785170945573
|
| 035 |
|
|
|a (RuTPU)RU\TPU\book\341672
|
| 090 |
|
|
|a 316234
|
| 100 |
|
|
|a 20160316d2015 m y0rusy50 ca
|
| 101 |
1 |
|
|a rus
|b eng
|
| 102 |
|
|
|a RU
|
| 105 |
|
|
|a y z 000ay
|
| 200 |
1 |
|
|a Смерть в экстазе. Убийство в стиле винтаж
|e сборник
|e пер. с англ.
|f Н. Марш
|
| 210 |
|
|
|a Москва
|c АСТ
|d 2015
|
| 215 |
|
|
|a 510 с.
|
| 225 |
1 |
|
|a Золотой век английского детектива
|
| 330 |
|
|
|a В маленькой деревенской церкви происходит убийство. Погибает юная Кара Куэйн. Кому она могла перейти дорогу?.. Под подозрением оказываются сразу восемь человек, присутствовавших в то время в церкви. И чтобы найти виновного, инспектор Аллейн должен выяснить, что послужило причиной убийства: ревность, зависть или, может быть, деньги?Однажды ночью Альфреда Мейера, директора театральной труппы, едва не столкнули с мчавшегося поезда. Однако на этом его «неприятности» не закончились. На праздновании дня рождения его жены — актрисы Каролин Дэйкрес - Мейер был убит ударом... бутылки шампанского. Инспектор Аллейн начинает расследование и знакомится с актерами театра — людьми яркими и весьма противоречивыми, никогда не снимающими маски.
|
| 606 |
1 |
|
|a Английская литература
|2 stltpush
|3 (RuTPU)RU\TPU\subj\29042
|9 52454
|
| 610 |
1 |
|
|a детективы
|
| 610 |
1 |
|
|a сборники
|
| 675 |
|
|
|a 82
|v 4
|
| 700 |
|
1 |
|a Марш
|b Н.
|g Найо
|
| 801 |
|
1 |
|a RU
|b 63413507
|c 20160316
|
| 801 |
|
2 |
|a RU
|b 63413507
|c 20160421
|g RCR
|
| 942 |
|
|
|c BK
|
| 959 |
|
|
|a 11/20160128
|d 1
|e 535,00
|f ХФ:1
|